Harry Styles Lyrics - Statistics

General Stats
  • This quiz has been taken 89 times
  • The average score is 12 of 15
Answer Stats
Hint Answer % Correct
Leave America, two kids follow her I don't wanna talk about who′s doing it first As It Was
93%
When she′s alone, she goes home to a cactus In a black dress, she's such a such an actress KIWI
92%
And I’m just an arrogant son of a bitch Who can't admit when he's sorry To Be So Lonely
92%
Tastes so sweet, looks so real Sounds like something that I used to feel Two Ghosts
89%
Cocaine, side boob Choke her with a sea view Keep Driving
88%
So you tie up your hair and you smile like it's no big deal Matilda
88%
You can't bribe the door on your way to the sky You look pretty good down here Sign of the Times
86%
I get so lost inside your eyes Would you believe it? Adore You
84%
Staring at the ceiling Two weeks and I'll be home Canyon Moon
82%
Jumped in feet first and I landed too hard A broken ankle, karma rules You never saw my birthmark Little Freak
82%
Sends his assistant for coffee in the afternoon Around one thirty-two She
79%
Couldn't you take home to mother in a skirt that short But I think that′s what I like about it Only Angel
78%
But I′d follow you to any place If it's Hollywood or Bishopsgate, I′m coming too Late Night Talking
72%
Take a walk on Sunday through the afternoon We can always find somethin' for us to do Love of My Life
71%
They don't tell you where it′s heading And you know the game's never ending Boyfriends
64%
No matching quizzes found
Score Distribution
Percent of People with Each Score
Percentile by Number Answered
Your Score History
You have not taken this quiz